[Event "Sherbrooke op-B"]
[Site "Sherbrooke CAN"]
[Date "2008.05.25"]
[Round "4"]
[White "Maheux, Pierre"]
[Black "Boyer, Eric"]
[Result "1-0"]
[WhiteElo "1678"]
[BlackElo "1514"]
[PlyCount "88"]
[GameId "2160767910354642"]
[EventDate "2008.05.23"]
[EventType "swiss"]
[EventRounds "5"]
[EventCountry "CAN"]
[SourceTitle "EXT 2011"]
[Source "ChessBase"]
[SourceDate "2011.11.26"]
[SourceVersion "1"]
[SourceVersionDate "2011.11.26"]
[SourceQuality "1"]

1. e4 e5 2. Nf3 Nc6 3. Bb5 a6 4. Ba4 Nf6 5. O-O Be7 6. Re1 d6 7. h3 O-O 8. c3 b5 9. Bc2 Bb7 10. d4 exd4 11. cxd4 Nb4 12. Bf4 Nxc2 13. Qxc2 Bxe4 14. Rxe4 Nxe4 15. Qxe4 Qd7 16. Nc3 c6 17. d5 c5 18. Ng5 g6 19. h4 Rfe8 20. Qf3 h6 21. Nge4 f5 22. Qg3 fxe4 23. Qxg6+ Kh8 24. Qxh6+ Kg8 25. Qg6+ Kh8 26. Nxe4 Bxh4 27. Ng5 Re7 28. Qh6+ Rh7 29. Nxh7 Qxh7 30. Qxh7+ Kxh7 31. Bxd6 Rd8 32. Bxc5 Rxd5 33. Be3 Bf6 34. Rb1 a5 35. b3 Rd3 36. Kf1 a4 37. Ke2 axb3 38. Rxb3 Rxb3 39. axb3 Kg6 40. f4 Kf7 41. Kd3 Ke7 42. Ke4 Ke6 43. f5+ Kf7 44. g4 Kg7 1-0

[Event "Sherbrooke op-B"]
[Site "Sherbrooke CAN"]
[Date "2008.05.25"]
[Round "4"]
[White "Toussaint, Claude"]
[Black "Salvas, Guy"]
[Result "1-0"]
[WhiteElo "1555"]
[BlackElo "1535"]
[PlyCount "80"]
[GameId "2160767910354643"]
[EventDate "2008.05.23"]
[EventType "swiss"]
[EventRounds "5"]
[EventCountry "CAN"]
[SourceTitle "EXT 2011"]
[Source "ChessBase"]
[SourceDate "2011.11.26"]
[SourceVersion "1"]
[SourceVersionDate "2011.11.26"]
[SourceQuality "1"]

1. e4 e5 2. Nf3 Nc6 3. Bb5 a6 4. Ba4 Nf6 5. O-O Bc5 6. c3 d6 7. d4 b5 8. Bc2 Bb6 9. h3 h6 10. Be3 O-O 11. Nbd2 Re8 12. Re1 Bb7 13. d5 Bxe3 14. dxc6 Bxd2 15. cxb7 Bxe1 16. bxa8=Q Bxf2+ 17. Kxf2 Qxa8 18. Qe2 Nh5 19. a4 Nf4 20. Qe3 Qb7 21. axb5 axb5 22. Ra7 Qb8 23. Ra5 c5 24. b4 cxb4 25. cxb4 d5 26. exd5 Nxd5 27. Qc5 Rc8 28. Rxb5 Qa8 29. Qxd5 Rxc2+ 30. Kg3 Qxd5 31. Rxd5 f6 32. Rd2 Rc3 33. Kf2 Kh7 34. Rb2 g5 35. b5 Rc7 36. b6 Rb7 37. Nd2 Kg7 38. Ne4 Rb8 39. b7 Kf7 40. Nc5 Ke7 1-0

[Event "Sherbrooke op-B"]
[Site "Sherbrooke CAN"]
[Date "2008.05.25"]
[Round "4"]
[White "Valiquette, Simon"]
[Black "Nunez-Painchaud, Raphael"]
[Result "1-0"]
[WhiteElo "1522"]
[BlackElo "1602"]
[PlyCount "111"]
[GameId "2160767910354644"]
[EventDate "2008.05.23"]
[EventType "swiss"]
[EventRounds "5"]
[EventCountry "CAN"]
[SourceTitle "EXT 2011"]
[Source "ChessBase"]
[SourceDate "2011.11.26"]
[SourceVersion "1"]
[SourceVersionDate "2011.11.26"]
[SourceQuality "1"]

1. c4 Nf6 2. Nf3 g6 3. g3 Bg7 4. Bg2 d6 5. d4 O-O 6. Nc3 Be6 7. Ng5 Bc8 8. b4 c6 9. O-O h6 10. Nh3 Be6 11. c5 Nd5 12. Nxd5 Bxd5 13. a3 Bxg2 14. Kxg2 dxc5 15. bxc5 Qd5+ 16. f3 Qxd4 17. Qxd4 Bxd4 18. Rb1 Bxc5 19. Bxh6 Rd8 20. Rxb7 f6 21. Bc1 Kf7 22. Nf4 Bb6 23. Nd3 Na6 24. Bb2 Nc7 25. a4 Rd5 26. Rc1 Ke8 27. Ba3 Kd7 28. Nb4 Rh5 29. Na6 Rah8 30. Rd1+ Rd5 31. Rxd5+ cxd5 32. Rb8 Rc8 33. Rxc8 Kxc8 34. Nxc7 Kxc7 35. Bxe7 Bd4 36. Bb4 Kb6 37. h4 f5 38. g4 Bf6 39. gxf5 gxf5 40. h5 Bg5 41. Bf8 Ka5 42. h6 Kxa4 43. Bg7 Bxh6 44. Bxh6 Kb3 45. Kg3 Kc2 46. e3 Kd3 47. Kf4 a5 48. Kxf5 a4 49. Kf4 a3 50. Bg7 a2 51. Bh8 Kc4 52. Kf5 Kd3 53. Bd4 Ke2 54. f4 Kd3 55. Ke6 Ke4 56. f5 1-0

[Event "Sherbrooke op-B"]
[Site "Sherbrooke CAN"]
[Date "2008.05.25"]
[Round "5"]
[White "Dardoura, Khaled"]
[Black "Courteau, Bernard"]
[Result "0-1"]
[WhiteElo "1509"]
[BlackElo "1515"]
[PlyCount "84"]
[GameId "2160767910354646"]
[EventDate "2008.05.23"]
[EventType "swiss"]
[EventRounds "5"]
[EventCountry "CAN"]
[SourceTitle "EXT 2011"]
[Source "ChessBase"]
[SourceDate "2011.11.26"]
[SourceVersion "1"]
[SourceVersionDate "2011.11.26"]
[SourceQuality "1"]

1. d4 Nf6 2. c4 d5 3. Nc3 c6 4. Nf3 e6 5. Qd3 Be7 6. Bg5 O-O 7. e3 dxc4 8. Qxc4 b5 9. Qd3 h6 10. Bh4 Bb7 11. Be2 a6 12. O-O c5 13. b3 Nbd7 14. Ne5 Rc8 15. Nxd7 Nxd7 16. Bxe7 Qxe7 17. f4 Rfd8 18. Bf3 cxd4 19. exd4 Nf6 20. Ne2 Nd5 21. Bxd5 Rxd5 22. Rac1 Rcd8 23. Rc3 e5 24. Rfc1 exf4 25. Rc7 R5d7 26. R7c5 g5 27. b4 Kg7 28. Re1 f6 29. Kf1 Qf7 30. a3 Bd5 31. Rec1 Re8 32. Qf5 Bc4 33. R1xc4 bxc4 34. d5 Re5 35. Qc2 Rexd5 36. Qxc4 Rd1+ 37. Kf2 Qxc4 38. Rxc4 R1d2 39. Kf3 Kg6 40. Rc3 R7d3+ 41. Rxd3 Rxd3+ 42. Ke4 Re3+ 0-1

[Event "Sherbrooke op-B"]
[Site "Sherbrooke CAN"]
[Date "2008.05.25"]
[Round "5"]
[White "Duclos, Alain"]
[Black "Zhang, Zhiyuan"]
[Result "0-1"]
[WhiteElo "1778"]
[BlackElo "1567"]
[PlyCount "76"]
[GameId "2160767910354647"]
[EventDate "2008.05.23"]
[EventType "swiss"]
[EventRounds "5"]
[EventCountry "CAN"]
[SourceTitle "EXT 2011"]
[Source "ChessBase"]
[SourceDate "2011.11.26"]
[SourceVersion "1"]
[SourceVersionDate "2011.11.26"]
[SourceQuality "1"]

1. e4 e6 2. d4 d5 3. Nc3 dxe4 4. Nxe4 b6 5. Bd3 Bb7 6. Nf3 Be7 7. Qe2 Nf6 8. O-O O-O 9. Rd1 Nxe4 10. Bxe4 Bxe4 11. Qxe4 Nd7 12. Qe2 Nf6 13. Bg5 Nd5 14. Bxe7 Qxe7 15. c4 Nf4 16. Qe4 Ng6 17. g3 Rfd8 18. h4 Qb4 19. h5 Nf8 20. b3 h6 21. Ne5 Qd6 22. Qf3 f6 23. Ng4 Nh7 24. Qd3 f5 25. Ne5 c5 26. Nf3 Nf6 27. Qe2 Ne4 28. d5 Nc3 29. Qc2 Nxd1 30. Rxd1 f4 31. g4 exd5 32. Rxd5 Qe6 33. Rf5 Rf8 34. Nh4 Rxf5 35. Nxf5 Re8 36. Qb2 Qe5 37. Qa3 Qe1+ 38. Kg2 Re2 0-1

[Event "Sherbrooke op-B"]
[Site "Sherbrooke CAN"]
[Date "2008.05.25"]
[Round "5"]
[White "Gerard, Patrice"]
[Black "Luo, Zhao Yang"]
[Result "1-0"]
[WhiteElo "1625"]
[BlackElo "1389"]
[PlyCount "101"]
[GameId "2160767910354648"]
[EventDate "2008.05.23"]
[EventType "swiss"]
[EventRounds "5"]
[EventCountry "CAN"]
[SourceTitle "EXT 2011"]
[Source "ChessBase"]
[SourceDate "2011.11.26"]
[SourceVersion "1"]
[SourceVersionDate "2011.11.26"]
[SourceQuality "1"]

1. e4 c6 2. d4 d5 3. exd5 cxd5 4. c4 e6 5. Nf3 Nf6 6. c5 Be7 7. Bd3 O-O 8. Qc2 Nc6 9. Bd2 Bd7 10. b4 a6 11. a3 Qc7 12. Bc3 h6 13. O-O Nh5 14. Re1 Nf4 15. Bf1 Bf6 16. Nbd2 Ng6 17. Bd3 Nf4 18. Bh7+ Kh8 19. g3 Nh5 20. Bd3 Rac8 21. Qb2 Na7 22. a4 g6 23. b5 axb5 24. axb5 Qb8 25. Ra2 Rce8 26. Rea1 Nc8 27. Ra8 Qc7 28. Ba5 b6 29. Bc3 bxc5 30. dxc5 d4 31. Bxd4 e5 32. Nxe5 Bxe5 33. Bxe5+ Qxe5 34. Qxe5+ Rxe5 35. c6 Bf5 36. Bxf5 gxf5 37. b6 Ree8 38. Nc4 Kg7 39. b7 Nf6 40. b8=Q Ne7 41. Qb7 Ng6 42. Rxe8 Rxe8 43. c7 Rf8 44. c8=Q Rxc8 45. Qxc8 f4 46. Ra7 fxg3 47. hxg3 h5 48. Nd6 Nh8 49. Ne8+ Nxe8 50. Qxe8 h4 51. gxh4 1-0

[Event "Sherbrooke op-B"]
[Site "Sherbrooke CAN"]
[Date "2008.05.25"]
[Round "5"]
[White "Nunez-Painchaud, Raphael"]
[Black "Toussaint, Claude"]
[Result "1-0"]
[WhiteElo "1602"]
[BlackElo "1555"]
[PlyCount "93"]
[GameId "2160767910354649"]
[EventDate "2008.05.23"]
[EventType "swiss"]
[EventRounds "5"]
[EventCountry "CAN"]
[SourceTitle "EXT 2011"]
[Source "ChessBase"]
[SourceDate "2011.11.26"]
[SourceVersion "1"]
[SourceVersionDate "2011.11.26"]
[SourceQuality "1"]

1. Nf3 Nf6 2. c4 e6 3. g3 d5 4. Bg2 Be7 5. b3 O-O 6. Bb2 Nbd7 7. O-O b6 8. cxd5 exd5 9. d3 Bb7 10. Nbd2 c5 11. d4 Ne4 12. dxc5 Nexc5 13. Nd4 Bf6 14. b4 Ne6 15. N2f3 Nxd4 16. Bxd4 Bxd4 17. Nxd4 Nf6 18. Qb3 Re8 19. Rfd1 Qd7 20. Rac1 Rac8 21. e3 Rxc1 22. Rxc1 Rc8 23. Rxc8+ Qxc8 24. Qc2 Qxc2 25. Nxc2 Ne4 26. Kf1 Ba6+ 27. Ke1 Bc4 28. a3 Nc3 29. Kd2 Ne4+ 30. Bxe4 dxe4 31. Kc3 Bd5 32. Kd4 Bb7 33. Ke5 Kf8 34. Kd6 Ke8 35. Kc7 Bd5 36. b5 Ke7 37. Nd4 Kf6 38. Kb8 Kg5 39. h3 f5 40. Kxa7 h5 41. Kxb6 h4 42. gxh4+ Kxh4 43. Nxf5+ Kxh3 44. Nxg7 Kg2 45. Kc5 Bb7 46. Kd4 Kxf2 47. Ne6 1-0

[Event "Sherbrooke op-B"]
[Site "Sherbrooke CAN"]
[Date "2008.05.25"]
[Round "5"]
[White "Plante, Marc-Eric"]
[Black "Boyer, Eric"]
[Result "1/2-1/2"]
[WhiteElo "1736"]
[BlackElo "1514"]
[PlyCount "83"]
[GameId "2160767910354650"]
[EventDate "2008.05.23"]
[EventType "swiss"]
[EventRounds "5"]
[EventCountry "CAN"]
[SourceTitle "EXT 2011"]
[Source "ChessBase"]
[SourceDate "2011.11.26"]
[SourceVersion "1"]
[SourceVersionDate "2011.11.26"]
[SourceQuality "1"]

1. e4 e6 2. d4 d5 3. Nc3 Bb4 4. e5 c5 5. a3 Bxc3+ 6. bxc3 c4 7. Qg4 g6 8. Nf3 f5 9. Qg3 Ne7 10. Be2 Bd7 11. Bh6 Nbc6 12. Ng5 Qc7 13. Bg7 Rg8 14. Bf6 h6 15. Nh7 O-O-O 16. Bxe7 Nxe7 17. Qe3 g5 18. Nf6 Rg7 19. Qc1 Ng8 20. Nxg8 Rdxg8 21. Qb2 b5 22. Kd2 a5 23. a4 bxa4 24. Rhb1 Bc6 25. Qb6 Qxb6 26. Rxb6 Kc7 27. Rab1 a3 28. Ra6 a2 29. Ra1 Ra8 30. Rxa8 Bxa8 31. Rxa2 Kb6 32. Rb2+ Ka6 33. Kc1 Rb7 34. Bh5 Rxb2 35. Kxb2 Bc6 36. g3 Kb7 37. h3 Kc7 38. f3 Kd8 39. f4 gxf4 40. gxf4 Ke7 41. h4 Kf8 42. Ka3 1/2-1/2

[Event "Sherbrooke op-B"]
[Site "Sherbrooke CAN"]
[Date "2008.05.25"]
[Round "5"]
[White "Salvas, Guy"]
[Black "Furger, Josef"]
[Result "1-0"]
[WhiteElo "1535"]
[BlackElo "1280"]
[PlyCount "64"]
[GameId "2160767910354651"]
[EventDate "2008.05.23"]
[EventType "swiss"]
[EventRounds "5"]
[EventCountry "CAN"]
[SourceTitle "EXT 2011"]
[Source "ChessBase"]
[SourceDate "2011.11.26"]
[SourceVersion "1"]
[SourceVersionDate "2011.11.26"]
[SourceQuality "1"]

1. e4 c5 2. Nf3 Nc6 3. d4 cxd4 4. Nxd4 e5 5. Nf3 h6 6. Nc3 Nf6 7. a3 b6 8. Be2 d6 9. O-O Be7 10. Re1 O-O 11. h3 Nh7 12. Nd5 Bg5 13. Nxg5 Nxg5 14. Bc4 Be6 15. f4 Nh7 16. f5 Bc8 17. Qg4 g5 18. h4 Nf6 19. Nxf6+ Qxf6 20. hxg5 Qg7 21. c3 Ne7 22. Qh4 hxg5 23. Bxg5 d5 24. Bxe7 dxc4 25. Re3 f6 26. Rg3 Rf7 27. Rxg7+ Rxg7 28. Bxf6 Bxf5 29. Bxg7 Kxg7 30. exf5 Kf7 31. Qxc4+ Kf6 32. Qc6+ Kxf5 1-0

[Event "Sherbrooke op-B"]
[Site "Sherbrooke CAN"]
[Date "2008.05.25"]
[Round "5"]
[White "Tremblay, Manuel"]
[Black "Bolduc, Jacques"]
[Result "1-0"]
[WhiteElo "1514"]
[BlackElo "1404"]
[PlyCount "91"]
[GameId "2160767910354652"]
[EventDate "2008.05.23"]
[EventType "swiss"]
[EventRounds "5"]
[EventCountry "CAN"]
[SourceTitle "EXT 2011"]
[Source "ChessBase"]
[SourceDate "2011.11.26"]
[SourceVersion "1"]
[SourceVersionDate "2011.11.26"]
[SourceQuality "1"]

1. d4 Nf6 2. c4 e6 3. Nc3 d5 4. Nf3 Be7 5. Bg5 Nbd7 6. e3 O-O 7. cxd5 Nxd5 8. Bxe7 Qxe7 9. Rc1 N7f6 10. Bd3 Bd7 11. O-O Rac8 12. Re1 c5 13. Nxd5 Nxd5 14. Ne5 cxd4 15. exd4 Rfd8 16. Qh5 Nf6 17. Qh4 h6 18. Rc2 Be8 19. Rec1 Rxc2 20. Rxc2 Qb4 21. Nf3 Qa5 22. b3 Bc6 23. Nd2 Qb6 24. Rc4 Rd5 25. h3 Rh5 26. Qg3 Qd8 27. Qe3 Qd6 28. Ne4 Qe7 29. Be2 Rd5 30. Bf3 Nxe4 31. Bxe4 Rd6 32. Bxc6 bxc6 33. Qc3 Qc7 34. b4 Qd7 35. a4 a6 36. Qe3 Kf8 37. Qe5 f6 38. Qa5 Rxd4 39. Rxd4 Qxd4 40. Qxa6 Qxb4 41. Qc8+ Kf7 42. Qxc6 Qe1+ 43. Kh2 Qxf2 44. Qc7+ Kg6 45. Qg3+ Qxg3+ 46. Kxg3 1-0

[Event "Sherbrooke op-B"]
[Site "Sherbrooke CAN"]
[Date "2008.05.25"]
[Round "5"]
[White "Valiquette, Simon"]
[Black "Maheux, Pierre"]
[Result "0-1"]
[WhiteElo "1522"]
[BlackElo "1678"]
[PlyCount "74"]
[GameId "2160767910354653"]
[EventDate "2008.05.23"]
[EventType "swiss"]
[EventRounds "5"]
[EventCountry "CAN"]
[SourceTitle "EXT 2011"]
[Source "ChessBase"]
[SourceDate "2011.11.26"]
[SourceVersion "1"]
[SourceVersionDate "2011.11.26"]
[SourceQuality "1"]

1. c4 e5 2. Nc3 Nf6 3. Nf3 Nc6 4. g3 d5 5. cxd5 Nxd5 6. Bg2 Nxc3 7. bxc3 e4 8. Ng1 f5 9. Qb3 Na5 10. Qa4+ c6 11. Rb1 b5 12. Qc2 Bc5 13. e3 Be6 14. Ne2 Bc4 15. Ra1 O-O 16. Nd4 Bd3 17. Qd1 Qd5 18. h4 Nc4 19. g4 f4 20. g5 b4 21. Rg1 a5 22. Bh3 Bxd4 23. cxd4 f3 24. Bf1 a4 25. Bxd3 exd3 26. Rb1 Qd6 27. Bb2 Qh2 28. Kf1 Qxh4 29. Ba1 Qh3+ 30. Ke1 Rf5 31. Qc1 Na3 32. Qxc6 Raf8 33. Qe6+ Kh8 34. Qe7 Nc2+ 35. Kd1 Qh2 36. Re1 Qxf2 37. d5 Qxe1# 0-1

[Event "Sherbrooke op-C"]
[Site "Sherbrooke CAN"]
[Date "2008.05.23"]
[Round "1"]
[White "Allard dos Santos, Alexandre"]
[Black "Echenberg, David"]
[Result "1/2-1/2"]
[WhiteElo "1208"]
[BlackElo "1397"]
[PlyCount "66"]
[GameId "2160767910354654"]
[EventDate "2008.05.23"]
[EventType "swiss"]
[EventRounds "5"]
[EventCountry "CAN"]
[SourceTitle "EXT 2011"]
[Source "ChessBase"]
[SourceDate "2011.11.26"]
[SourceVersion "1"]
[SourceVersionDate "2011.11.26"]
[SourceQuality "1"]

1. d4 Nf6 2. c4 e6 3. Nc3 Bb4 4. Nf3 c5 5. e3 d5 6. Bd2 Nc6 7. cxd5 exd5 8. a3 Bxc3 9. Bxc3 c4 10. b3 Ne4 11. Rc1 b5 12. bxc4 bxc4 13. Be2 O-O 14. O-O Qd6 15. Qa4 Rb8 16. Bb4 Nxb4 17. axb4 Rxb4 18. Qxa7 Bb7 19. Qa2 Ra8 20. Qc2 Ra3 21. Rb1 Nc3 22. Rxb4 Qxb4 23. Bd1 Bc6 24. Qf5 Qb7 25. Bc2 g6 26. Qf6 Ra7 27. Bd1 Ra1 28. Ne5 Ba4 29. Ng4 Rxd1 30. Rxd1 Bxd1 31. Qd8+ Kg7 32. Qf6+ Kf8 33. Qd8+ Kg7 1/2-1/2

[Event "Sherbrooke op-C"]
[Site "Sherbrooke CAN"]
[Date "2008.05.23"]
[Round "1"]
[White "Bourassa, Louis"]
[Black "Beaudry, Marc-Andre"]
[Result "1-0"]
[WhiteElo "1226"]
[BlackElo "1450"]
[PlyCount "95"]
[GameId "2160767910354655"]
[EventDate "2008.05.23"]
[EventType "swiss"]
[EventRounds "5"]
[EventCountry "CAN"]

1. e4 e5 2. Nf3 Nf6 3. Nc3 Bb4 4. d3 d6 5. Bd2 O-O 6. Be2 c6 7. a3 Ba5 8. O-O h6 9. Re1 Re8 10. h3 Bb6 11. Qc1 Nh7 12. Nd1 Qf6 13. Ne3 Bd8 14. Nh2 Bb6 15. Bg4 Bxg4 16. Nhxg4 Qg6 17. Nf5 h5 18. Nh2 Bd8 19. Re3 Qe6 20. Rg3 g6 21. Nf3 Kh8 22. Bh6 Bf6 23. N5h4 Nd7 24. c3 Qe7 25. Rxg6 Rg8 26. Rxg8+ Rxg8 27. Nf5 Qe6 28. Qe3 b6 29. d4 Ndf8 30. Bxf8 Rxf8 31. Qh6 exd4 32. Ng5 Qxf5 33. exf5 Bxg5 34. Qxd6 dxc3 35. bxc3 c5 36. Rd1 Bf6 37. c4 Bb2 38. Qc7 Bxa3 39. Qxa7 Bb2 40. Qxb6 Bd4 41. Qh6 f6 42. Qxh5 Rg8 43. Rb1 Rg7 44. Rb8+ Rg8 45. Rb7 Rg7 46. Qe8+ Rg8 47. Qf7 Ng5 48. Qh5+ 1-0

[Event "Sherbrooke op-C"]
[Site "Sherbrooke CAN"]
[Date "2008.05.23"]
[Round "1"]
[White "Boutin, Andre"]
[Black "Guo, Forest"]
[Result "0-1"]
[WhiteElo "1294"]
[BlackElo "1243"]
[PlyCount "92"]
[GameId "2160767910354656"]
[EventDate "2008.05.23"]
[EventType "swiss"]
[EventRounds "5"]
[EventCountry "CAN"]
[SourceTitle "EXT 2011"]
[Source "ChessBase"]
[SourceDate "2011.11.26"]
[SourceVersion "1"]
[SourceVersionDate "2011.11.26"]
[SourceQuality "1"]

1. e4 c5 2. Nc3 Nc6 3. Nf3 d6 4. d4 cxd4 5. Nxd4 Nf6 6. Bb5 Bd7 7. O-O Qb6 8. Be3 Qc7 9. Re1 g6 10. Nd5 Nxd5 11. exd5 Nb4 12. Bxd7+ Qxd7 13. c4 Rc8 14. a3 Na6 15. b3 Bg7 16. Qd2 O-O 17. Bh6 Rfe8 18. Bxg7 Kxg7 19. Nb5 Ra8 20. Qd4+ Kg8 21. Nxa7 Nc5 22. b4 Nb3 23. Qe3 Nxa1 24. Rxa1 e6 25. Qd4 e5 26. Qe3 Qg4 27. Rc1 Qf4 28. Nb5 Qxe3 29. fxe3 Red8 30. e4 b6 31. Rc3 Kg7 32. g4 Rac8 33. h4 h6 34. Kf2 Rd7 35. Ke3 f6 36. Kf3 h5 37. g5 fxg5 38. hxg5 Rf8+ 39. Kg3 Rf4 40. c5 bxc5 41. bxc5 dxc5 42. d6 Rxe4 43. Rxc5 Kf7 44. Rc7 Ke6 45. Rc8 Rg4+ 46. Kf3 Rxg5 0-1

[Event "Sherbrooke op-C"]
[Site "Sherbrooke CAN"]
[Date "2008.05.23"]
[Round "1"]
[White "Breton, Jules"]
[Black "Luo, Alan"]
[Result "1-0"]
[WhiteElo "1248"]
[BlackElo "789"]
[PlyCount "63"]
[GameId "2160767910354657"]
[EventDate "2008.05.23"]
[EventType "swiss"]
[EventRounds "5"]
[EventCountry "CAN"]
[SourceTitle "EXT 2011"]
[Source "ChessBase"]
[SourceDate "2011.11.26"]
[SourceVersion "1"]
[SourceVersionDate "2011.11.26"]
[SourceQuality "1"]

1. e4 e5 2. Nf3 Nc6 3. Bc4 Nf6 4. Nc3 Bb4 5. d3 O-O 6. Bd2 d6 7. a3 Bxc3 8. Bxc3 Bg4 9. h3 Bh5 10. g4 Bg6 11. Qd2 Re8 12. O-O-O a6 13. Rhg1 b5 14. Bd5 Nxd5 15. exd5 Ne7 16. h4 f6 17. h5 Bf7 18. g5 f5 19. g6 hxg6 20. h6 f4 21. hxg7 Kxg7 22. d4 Bxd5 23. Nh4 c5 24. dxe5 Rf8 25. exd6+ Kh7 26. dxe7 Qxe7 27. Qxd5 Rg8 28. Qh1 Rgf8 29. Nf5+ Kg8 30. Nxe7+ Kf7 31. Qh7+ Ke6 32. Rge1# 1-0

[Event "Sherbrooke op-C"]
[Site "Sherbrooke CAN"]
[Date "2008.05.23"]
[Round "1"]
[White "Doucet, Jean-Pascal"]
[Black "Beauregard, Pascal"]
[Result "0-1"]
[WhiteElo "1008"]
[BlackElo "1288"]
[PlyCount "82"]
[GameId "2160767910354658"]
[EventDate "2008.05.23"]
[EventType "swiss"]
[EventRounds "5"]
[EventCountry "CAN"]
[SourceTitle "EXT 2011"]
[Source "ChessBase"]
[SourceDate "2011.11.26"]
[SourceVersion "1"]
[SourceVersionDate "2011.11.26"]
[SourceQuality "1"]

1. e4 e6 2. d4 d5 3. e5 c5 4. c3 Nc6 5. Nf3 Qb6 6. Bd2 Qxb2 7. Qb3 Qxa1 8. Be2 c4 9. Qc2 Ba3 10. O-O Qb2 11. Qc1 Qxc1 12. Bxc1 Bxc1 13. Rxc1 a6 14. a4 b5 15. axb5 axb5 16. Nfd2 Nge7 17. Rc2 b4 18. cxb4 Nxb4 19. Rb2 Nbc6 20. Nf3 Nf5 21. Rd2 Ra1 22. Rd1 Bd7 23. h3 Nfxd4 24. Nxd4 Nxd4 25. Kf1 Nxe2 26. Kxe2 O-O 27. Nc3 Rxd1 28. Nxd1 Rb8 29. Kd2 d4 30. g3 Ba4 31. Nc3 dxc3+ 32. Kxc3 Bb3 33. f4 Rd8 34. g4 Rd3+ 35. Kb2 Rxh3 36. g5 Rf3 37. g6 fxg6 38. f5 gxf5 39. Kc1 Rf2 40. Kb1 c3 41. Kc1 Rf1# 0-1

[Event "Sherbrooke op-C"]
[Site "Sherbrooke CAN"]
[Date "2008.05.23"]
[Round "1"]
[White "Lafleur, Sebastien"]
[Black "Belanger, Christopher"]
[Result "0-1"]
[WhiteElo "1097"]
[BlackElo "1338"]
[PlyCount "84"]
[GameId "2160767910354659"]
[EventDate "2008.05.23"]
[EventType "swiss"]
[EventRounds "5"]
[EventCountry "CAN"]
[SourceTitle "EXT 2011"]
[Source "ChessBase"]
[SourceDate "2011.11.26"]
[SourceVersion "1"]
[SourceVersionDate "2011.11.26"]
[SourceQuality "1"]

1. d4 d5 2. c4 c6 3. Nc3 Bf5 4. Nf3 e6 5. Ne5 f6 6. Nf3 Nd7 7. Nh4 Bg4 8. h3 Bh5 9. g4 Bf7 10. e4 f5 11. Nf3 fxe4 12. Bg5 Ngf6 13. Ne5 Bg8 14. Nxd7 Qxd7 15. Bxf6 gxf6 16. c5 Bf7 17. Ne2 h5 18. Bg2 e5 19. Ng3 hxg4 20. hxg4 Rxh1+ 21. Bxh1 exd4 22. Qxd4 Qxg4 23. Qxf6 Bxc5 24. Qe5+ Qe6 25. Qc3 Qe7 26. a3 O-O-O 27. O-O-O Bxf2 28. Ne2 Qg5+ 29. Kb1 Qe3 30. Qxe3 Bxe3 31. Bg2 Bh5 32. Re1 Bd2 33. Bh3+ Kc7 34. Rd1 e3 35. Bf1 d4 36. Kc2 d3+ 37. Kb1 dxe2 38. Bxe2 Bxe2 39. Rh1 Bd3+ 40. Ka1 e2 41. b4 Bc3+ 42. Ka2 Bc4+ 0-1

[Event "Sherbrooke op-C"]
[Site "Sherbrooke CAN"]
[Date "2008.05.23"]
[Round "1"]
[White "Lepine, Yannick"]
[Black "Viens, Nicolas"]
[Result "0-1"]
[WhiteElo "1176"]
[BlackElo "1350"]
[PlyCount "74"]
[GameId "2160767910354660"]
[EventDate "2008.05.23"]
[EventType "swiss"]
[EventRounds "5"]
[EventCountry "CAN"]

1. e4 e5 2. Nf3 d6 3. d4 exd4 4. Nxd4 Nc6 5. Nxc6 bxc6 6. Nc3 Nf6 7. Bc4 Be7 8. Qf3 Bg4 9. Qg3 Qd7 10. f3 Bh5 11. O-O Bg6 12. Be3 h5 13. Rad1 h4 14. Qf2 h3 15. g3 O-O 16. Bxa7 Qc8 17. Be3 Rd8 18. Bb3 Ra5 19. Kh1 d5 20. exd5 cxd5 21. a3 Qb7 22. Ne2 c5 23. Nf4 Bf5 24. Bc1 c4 25. Ba2 Bc5 26. Qd2 d4 27. Bxc4 Ng4 28. Qxa5 Rc8 29. Bd3 Bd7 30. Rde1 Bc6 31. Be4 Bxe4 32. fxe4 d3 33. Nxd3 Ne3 34. Nxc5 Rxc5 35. Rxe3 Rxa5 36. b4 Re5 37. Rf4 f5 0-1

[Event "Sherbrooke op-C"]
[Site "Sherbrooke CAN"]
[Date "2008.05.23"]
[Round "1"]
[White "Olivier, Luc"]
[Black "Thomsen, Gunther"]
[Result "1-0"]
[WhiteElo "1290"]
[BlackElo "1063"]
[PlyCount "91"]
[GameId "2160767910354661"]
[EventDate "2008.05.23"]
[EventType "swiss"]
[EventRounds "5"]
[EventCountry "CAN"]
[SourceTitle "EXT 2011"]
[Source "ChessBase"]
[SourceDate "2011.11.26"]
[SourceVersion "1"]
[SourceVersionDate "2011.11.26"]
[SourceQuality "1"]

1. d4 g6 2. c4 Bg7 3. Nc3 Nf6 4. e4 d6 5. Nf3 O-O 6. Be2 b6 7. O-O Bb7 8. d5 Nbd7 9. Qc2 c6 10. Bg5 Re8 11. Rfe1 cxd5 12. exd5 Nc5 13. Nd2 e6 14. Bf3 exd5 15. Bxd5 Bxd5 16. Nxd5 Ncd7 17. Rxe8+ Qxe8 18. Nc7 Qe5 19. Nf3 Qe4 20. Qxe4 Nxe4 21. Nxa8 Bxb2 22. Rd1 Ne5 23. Nxe5 dxe5 24. Be3 f5 25. g3 g5 26. f4 exf4 27. gxf4 h6 28. Rd7 Ba3 29. Rxa7 Bc5 30. Bxc5 bxc5 31. fxg5 hxg5 32. Re7 Kf8 33. Re5 Nd6 34. Rxc5 Kf7 35. Nb6 Ke6 36. a4 Ne4 37. Rc6+ Ke5 38. a5 f4 39. Nd7+ Kd4 40. Re6 Nd2 41. Rd6+ Ke3 42. Rxd2 Kxd2 43. Kf2 g4 44. a6 Kd3 45. a7 f3 46. a8=Q 1-0

[Event "Sherbrooke op-C"]
[Site "Sherbrooke CAN"]
[Date "2008.05.23"]
[Round "1"]
[White "Roussel, Alexandre"]
[Black "Bilodeau, Vincent"]
[Result "0-1"]
[WhiteElo "938"]
[BlackElo "1279"]
[PlyCount "94"]
[GameId "2160767910354663"]
[EventDate "2008.05.23"]
[EventType "swiss"]
[EventRounds "5"]
[EventCountry "CAN"]
[SourceTitle "EXT 2011"]
[Source "ChessBase"]
[SourceDate "2011.11.26"]
[SourceVersion "1"]
[SourceVersionDate "2011.11.26"]
[SourceQuality "1"]

1. e4 e5 2. Nf3 Nc6 3. Bb5 a6 4. Bxc6 dxc6 5. Nxe5 Qd4 6. Nc3 Qxe5 7. d4 Qe7 8. f3 Be6 9. O-O O-O-O 10. d5 cxd5 11. exd5 Bxd5 12. Nxd5 Rxd5 13. Qxd5 Qc5+ 14. Qxc5 Bxc5+ 15. Kh1 f5 16. Bf4 Ne7 17. Rae1 Nd5 18. Be5 Ne3 19. Rf2 Nc4 20. Rfe2 Nxe5 21. Rxe5 Bf2 22. Re8+ Rxe8 23. Rxe8+ Kd7 24. Re2 Bh4 25. g3 Bf6 26. b3 c5 27. g4 g6 28. Kg2 f4 29. Re4 g5 30. h4 h6 31. c4 Kd6 32. a3 Be5 33. b4 b6 34. hxg5 hxg5 35. bxc5+ bxc5 36. Re2 Bd4 37. Rd2 Kc6 38. a4 Kb6 39. Kf1 Ka5 40. Ra2 Kb4 41. Rb2+ Bxb2 42. Ke2 Kxc4 43. Kd2 Kb4 44. Kd3 c4+ 45. Kc2 c3 46. Kb1 Kb3 47. a5 c2# 0-1